| 000 | 00668nam a2200241Ia 4500 | ||
|---|---|---|---|
| 003 | OSt | ||
| 005 | 20240821092225.0 | ||
| 008 | 210210b xxu||||| |||| 00| 0 eng d | ||
| 040 | _cAL | ||
| 041 | _aMalayalam | ||
| 082 | _a876/10 | ||
| 100 |
_aNARAYANA PANNIKAR (K) _dനാരായണ പണിക്കർ (കെ) _9177548 |
||
| 245 |
_aBhasha sahitya charitram part VI _bഭാഷ സാഹിത്യ ചരിതം |
||
| 260 | _b- | ||
| 650 |
_aVI _9177549 |
||
| 650 |
_asahitya _9177550 |
||
| 650 |
_apart _9177551 |
||
| 650 |
_acharitram _9177552 |
||
| 650 |
_aBhasha _9177553 |
||
| 690 |
_aMalayalam _9177554 |
||
| 906 | _a002703 | ||
| 942 |
_2ddc _cBK |
||
| 999 |
_c124977 _d124977 |
||